Una sentencia semilla para cambiar la política de tierras/
Uloženo v:
| Hlavní autor: | |
|---|---|
| Další autoři: | |
| Médium: | Kniha |
| Jazyk: | Spanish |
| Tagy: |
Přidat tag
Žádné tagy, Buďte první, kdo vytvoří štítek k tomuto záznamu!
|
MARC
| LEADER | 00000nam a22000007a 4500 | ||
|---|---|---|---|
| 003 | cru CIDCACS/IIS | ||
| 005 | 20180228133012.0 | ||
| 007 | ta | ||
| 008 | 180228s2012 uy |||p|r||||||0| ||spa|d | ||
| 999 | |c 41070 |d 41070 | ||
| 040 | |c cru CIDCACS/IIS | ||
| 100 | 1 | |9 6704 |a Mondragón, Héctor | |
| 245 | 1 | |a Una sentencia semilla para cambiar la política de tierras/ |c Héctor Mondragón, Paula Álvarez Roa | |
| 300 | |a páginas 14-18: |b tabla | ||
| 700 | 1 | |9 6705 |a Álvarez Roa, Paula | |
| 773 | 0 | |0 41050 |9 1824 |a Red de Ecología Social (Uruguay) |d Uruguay: REDES-AT; GRAIN |o 17943 |t Biodiversidad: |x 07977888X | |
| 942 | |2 ddc |c PP | ||
